The community based project planning handbook / (Record no. 926)

000 -LEADER
fixed length control field 00519nam a22001697a 4500
003 - CONTROL NUMBER IDENTIFIER
control field OSt
005 - DATE AND TIME OF LATEST TRANSACTION
control field 20140116120841.0
008 - FIXED-LENGTH DATA ELEMENTS--GENERAL INFORMATION
fixed length control field 120529t xxu||||| |||| 00| 0 eng d
020 ## - INTERNATIONAL STANDARD BOOK NUMBER
International Standard Book Number 9789966008039
050 ## - LIBRARY OF CONGRESS CALL NUMBER
Classification number HN49.C6.C45 2009
100 ## - MAIN ENTRY--PERSONAL NAME
Personal name Chikati, John.
245 ## - TITLE STATEMENT
Title The community based project planning handbook /
Statement of responsibility, etc John Chikati.
260 ## - PUBLICATION, DISTRIBUTION, ETC. (IMPRINT)
Place of publication, distribution, etc Nairobi :
Name of publisher, distributor, etc Regional Partnership for Resource Development ,
Date of publication, distribution, etc 2009.
300 ## - PHYSICAL DESCRIPTION
Extent ix, 89p. :
Other physical details ill.
650 ## - SUBJECT ADDED ENTRY--TOPICAL TERM
Topical term or geographic name as entry element Community development
Form subdivision planning.
942 ## - ADDED ENTRY ELEMENTS (KOHA)
Source of classification or shelving scheme
Koha item type Book
Holdings
Withdrawn status Lost status Source of classification or shelving scheme Damaged status Not for loan Home library Current library Date acquired Source of acquisition Cost, normal purchase price Total Checkouts Full call number Barcode Date last seen Copy number Price effective from Koha item type
          Riara University Library Riara University Library 29/05/2012 Purchase 600.00   HN49.C6.C45 2009 3244/11 29/05/2012 C.1 29/05/2012 Book
          Riara University Library Riara University Library 29/05/2012 Purchase 600.00   HN49.C6.C45 2009 3242/11 29/05/2012 C.2 29/05/2012 Book
          Riara University Library Riara University Library 29/05/2012 Purchase 600.00   HN49.C6.C45 2009 3243/11 29/05/2012 C.3 29/05/2012 Book

Riara University Library,
P.O. Box 49940-00100,
Nairobi, Kenya.